| 000 | 00704nam a2200193 4500 | ||
|---|---|---|---|
| 003 | IeDuTC | ||
| 005 | 20181127162834.0 | ||
| 008 | 950313s1994 enk 000 1 eng | ||
| 010 | _a 8500063291 | ||
| 020 | _a0140367101 (pbk) | ||
| 100 | 1 |
_aCrane, Stephen, _d1871-1900. |
|
| 245 | 1 | 4 |
_aThe red badge of courage / _cStephen Crane. |
| 260 |
_aLondon : _bPuffin, _c1994. |
||
| 300 |
_a216 p. ; _c20 cm. |
||
| 490 | 0 | _aPuffin classics. | |
| 650 |
_aChancellorsville, Battle of, Chancellorsville, Va., 1863 --Fiction. _v _x _y _z _2 |
||
| 651 |
_aVirginia --History --Civil War, 1861-1865 --Fiction. _v _x _y _z _2 |
||
| 856 |
_a _uhttp://www2.hn.psu.edu/faculty/jmanis/s~crane/red_badge.pdf _yThe red badge of courage _z _3 |
||
| 999 |
_c827 _d827 |
||